Emocje z The Sims 4 - Statystyki

Ogólne statystyki
  • Ten quiz został rozwiązany 9 razy
  • Średni wynik to 9 z 17
Statystyki odpowiedzi
Emocja % Poprawnych
smutny
100%
szczęśliwy
89%
flirciarski
78%
zawstydzony
78%
pogodny
67%
rozgniewany
67%
znudzony
67%
oszołomiony
56%
śpi
56%
pewny siebie
44%
skupiony
44%
zainspirowany
44%
nieswój
33%
przestraszony
33%
rozbawiony
33%
spięty
33%
pobudzony
22%
Nie znaleziono quizów pasujących do podanych kryteriów
Rozkład punktacji
Procent ludzi z każdym wynikiem
Percentyl według liczby udzielonych odpowiedzi
Twoja historia wyników
Nie rozwiązałeś tego quizu